| 000 | 01205namaa22003011i 4500 | ||
|---|---|---|---|
| 003 | EG-GICUC | ||
| 005 | 20260224092734.0 | ||
| 008 | 260224s1992 ti ||||jr|||| 000 0 ara d | ||
| 020 | _a9973172191 | ||
| 040 |
_aEG-GiCUC _bara _cEG-GiCUC _dEG-GiCUC _erda |
||
| 082 | 0 | 4 |
_221 _a811.5 _bM9922m |
| 092 | 0 | 4 |
_221 _a811.5 _bM9922m |
| 099 | _a811.5 M9922m | ||
| 100 | 1 |
_aالكعبى، منجى، _d1938-. _eمؤلف. |
|
| 245 | 1 | 2 |
_aالمتنبى : _bالعظمة والطموح فى شعره / _cالمنجى الكعبى. |
| 264 |
_aتونس : _b[د.ن]، _c1992. |
||
| 300 |
_a77؛ صفحة _c24 سم. _bإيضاحيات، صور، مثيليات ؛ Illustrations |
||
| 336 |
_2rdacontent _atext |
||
| 337 |
_2rdamedia _aUnmediated |
||
| 338 |
_2rdacarrier _avolume |
||
| 504 | _aBibliography: pages 200-250. 240-220 ببليوجرافيا: صفحات. | ||
| 541 |
_aد . جابر عصفور ؛ _bالقاهرة ؛ _cإهداء ؛ _d2024. |
||
| 600 | 1 | 0 |
_aالمتنبى، ابو الطيب احمد بن الحسين، _d915 965- 916او. |
| 650 | 1 | 7 |
_aالشعر العربى _xتاريخ _yالعصر العباسى الثانى _2qrmak |
| 651 | 1 | _2qrmak | |
| 905 | _aNoha | ||
| 942 |
_2ddc _cBK _e21 _n0 |
||
| 999 |
_c178684 _d178684 |
||